000
00360nam a2200157Ia 4500
003
IT-RoPAU
008
120407s9999 xx 000 0 und d
040
_a
IT-RoPAU
040
_c
IT-RoPAU
100
_a
Sergio Romano
245
_a
Il manoscritto pervenuto misteriosamente da Sant'Elena
260
_a
Bompiani
300
_c
cm
490
_v
1
942
_c
BK
999
_c
1338
_d
1338